Social Issues In India and Tamil Nadu: (Record no. 186653)
[ view plain ]
| 000 -LEADER | |
|---|---|
| fixed length control field | 00574nam a22001817a 4500 |
| 005 - DATE AND TIME OF LATEST TRANSACTION | |
| control field | 20220310170742.0 |
| 010 ## - LCCN (DPL NO) | |
| LC control number | ENG-131943 |
| 020 ## - INTERNATIONAL STANDARD BOOK NUMBER | |
| International Standard Book Number | 9789387162402 |
| Terms of availability | 450.00 |
| 035 ## - SYSTEM CONTROL NUMBER | |
| System control number | EN-115476 |
| 037 ## - SOURCE OF ACQUISITION | |
| Source of stock number/acquisition | DBAD/PUB |
| 082 ## - DEWEY DECIMAL CLASSIFICATION NUMBER | |
| Classification number | 362.042 |
| 100 ## - MAIN ENTRY--PERSONAL NAME | |
| Personal name | S, Navaneethan |
| 245 ## - TITLE STATEMENT | |
| Title | Social Issues In India and Tamil Nadu: |
| Remainder of title | A Must Read Material For TNPSC/ |
| Statement of responsibility, etc | Navaneethan S |
| 260 ## - PUBLICATION, DISTRIBUTION, ETC. (IMPRINT) | |
| Place of publication, distribution, etc | Tamil Nadu |
| Name of publisher, distributor, etc | Tamizhi Books |
| Date of publication, distribution, etc | 2021 |
| 270 ## - ADDRESS | |
| Address | 20th Main Road,Anna Nagar Chennai |
| City | Tamil Nadu |
| Postal code | 600040 |
| 300 ## - PHYSICAL DESCRIPTION | |
| Extent | vii,396p. |
| Dimensions | 28cm(pbk) |
| 942 ## - ADDED ENTRY ELEMENTS (KOHA) | |
| Source of classification or shelving scheme | Dewey Decimal Classification |
| Item type | English Books |
| Classification part | 362.042 |
| Call number suffix | NAV |
| Withdrawn status | Lost status | Not for loan | Collection code | Home library | Current library | Date acquired | Source of acquisition | Cost, normal purchase price | Full call number | Barcode | Copy number | Cost, replacement price | Koha item type |
|---|---|---|---|---|---|---|---|---|---|---|---|---|---|
| Non-fiction | Central Library | Central Library | 10/03/2022 | DBAD/PUB | 450.00 | 362.042 NAV | EN-115476 | 1 | 450.00 | English Books |
